Best NFL Players of All Time - Statistics

General Stats
  • This quiz has been taken 40 times
    31 since last reset
  • The average score is 179 of 393
Answer Stats
Position Team Player % Correct
WR HOU Andre Johnson
96%
RS HOU Billy "White Shoes" Johnson
96%
OT PHI Bob Brown
96%
WR DET Calvin Johnson
96%
RB TEN Chris Johnson
96%
RB CLE Jim Brown
96%
Coach DAL Jimmy Johnson
96%
Coach CLE Paul Brown
96%
OT NYG Rosey Brown
96%
WR OAK Tim Brown
96%
CB OAK Willie Brown
96%
QB MIA Dan Marino
92%
CB WAS Darrell Green
92%
WR SF Jerry Rice
92%
LB LAR Kevin Greene
92%
DE TB Simeon Rice
92%
QB NE Tom Brady
92%
DE BUF Bruce Smith
88%
CB DAL Cliff Harris
88%
RB DAL Emmitt Smith
88%
RB PIT Franco Harris
88%
TE ARI Jackie Smith
88%
QB SF Joe Montana
88%
WR IND Marvin Harrison
88%
DE KC Neil Smith
88%
WR MIN Randy Moss
88%
WR DEN Rod Smith
88%
WR CAR Steve Smith
88%
RB MIN Adrian Peterson
83%
QB NO Archie Manning
83%
Coach NE Bill Belichick
83%
QB NO Drew Brees
83%
QB IND Peyton Manning
83%
QB SF Steve Young
83%
QB HOU Warren Moon
83%
QB GB Aaron Rodgers
79%
Coach KC Andy Reid
79%
RB OAK Bo Jackson
79%
QB GB Brett Favre
79%
DE LAR Deacon Jones
79%
DE DAL Ed "Too Tall" Jones
79%
LB NYG Lawrence Taylor
79%
QB ATL Matt Ryan
79%
DT DAL Randy White
79%
DE PHI Reggie White
79%
LB NO Rickey Jackson
79%
OT CHI Stan Jones
79%
WR SF Terrell Owens
79%
OT SEA Walter Jones
79%
CB KC Albert Lewis
75%
WR BUF Andre Reed
75%
RB DET Barry Sanders
75%
QB GB Bart Starr
75%
CB DAL Deion Sanders
75%
RS ATL Deion Sanders
75%
S BAL Ed Reed
75%
RB JAX Fred Taylor
75%
K PIT Gary Anderson
75%
DE MIA Jason Taylor
75%
P KC Jerrel Wilson
75%
QB BUF Jim Kelly
75%
RB GB Jim Taylor
75%
QB NYJ Joe Namath
75%
QB WAS Joe Theismann
75%
QB CIN Ken Anderson
75%
S ARI Larry Wilson
75%
K NO Morten Andersen
75%
RB ARI Ottis Anderson
75%
QB LAC Philip Rivers
75%
LB BAL Ray Lewis
75%
TE NE Rob Gronkowski
75%
QB SEA Russell Wilson
75%
RB DEN Terell Davis
75%
QB DAL Troy Aikman
75%
DE GB Willie Davis
75%
QB PIT Ben Roethlisberger
71%
LB KC Bobby Bell
71%
WR MIN Cris Carter
71%
LB KC Derrick Thomas
71%
QB PHI Donovan McNabb
71%
DE MIN Jared Allen
71%
DE HOU J.J Watt
71%
OT CLE Joe Thomas
71%
QB DEN John Elway
71%
RB LAC LaDanian Tomlinson
71%
OG DAL Larry Allen
71%
RB OAK Marcus Allen
71%
WR DAL Michael Irvin
71%
QB ATL Michael Vick
71%
TE CHI Mike Ditka
71%
RB BUF O.J Simpson
71%
QB DAL Roger Staubach
71%
WR SEA Steve Largent
71%
RB BUF Thurman Thomas
71%
RB CHI Walter Payton
71%
S GB Willie Wood
71%
DT LAR Aaron Donald
67%
CB ARI Aeneas Williams
67%
TE LAC Antonio Gates
67%
RB NYJ Curtis Martin
67%
CB NYJ Darrelle Revis
67%
LB TB Derrick Brooks
67%
WR SF Dwight Clark
67%
RB HOU Earl Campbell
67%
RB DET Earl "Dutch" Clark
67%
RB LAR Eric Dickerson
67%
WR WAS Gary Clark
67%
QB IND Johnny Unitas
67%
QB LAR Kurt Warner
67%
WR ARI Larry Fitzgerald
67%
RB SEA Marshawn Lynch
67%
QB DET Matthew Stafford
67%
QB PHI Randall Cunningham
67%
TE DEN Shannon Sharpe
67%
QB PIT Terry Bradshaw
67%
TE KC Tony Gonzalez
67%
WR LAR Torry Holt
67%
QB CIN Boomer Esiason
63%
CB GB Charles Woodson
63%
DT KC Curley Culp
63%
C PIT Dermontti Dawson
63%
WR GB Don Hutson
63%
RB IND Edgerrin James
63%
WR LAR Isaac Bruce
63%
RB PIT Jerome Bettis
63%
QB KC Len Dawson
63%
FB LAC Lorenzo Neal
63%
WR MIA Mark Clayton
63%
DT PIT "Mean" Joe Greene
63%
CB SEA Richard Sherman
63%
Coach GB Vince Lombardi
63%
K NE Adam Vinatieri
58%
DT MIN Alan Page
58%
OT CIN Anthony Munoz
58%
DT DAL Bob Lilly
58%
QB LAC Dan Fouts
58%
QB MIN Daunte Culpepper
58%
RB CHI Gale Sayers
58%
TE DAL Jason Witten
58%
OG NE John Hannah
58%
QB JAX Mark Brunell
58%
QB JAX Mark Brunell
58%
CB PIT Rod Woodson
58%
QB WAS Sammy Baugh
58%
P WAS Sammy Baugh
58%
RB DAL Tony Dorsett
58%
CB NE Ty Law
58%
DT TB Warren Sapp
58%
WR WAS Art Monk
54%
LB CHI Bill George
54%
RB DET Billy Sims
54%
RB DET Billy Sims
54%
QB MIA Bob Griese
54%
RB CIN Corey Dillon
54%
RS CHI Devin Hester
54%
LB CHI Dick Butkus
54%
WR GB Donald Driver
54%
Coach MIA Don Shula
54%
RB TEN Eddie George
54%
WR DET Herman Moore
54%
WR PIT Hines Ward
54%
LB PIT Jack Ham
54%
RB WAS John Riggins
54%
TE LAC Kellen Winslow
54%
WR LAC Lance Alworth
54%
RB IND Lenny Moore
54%
LB CAR Luke Kuechly
54%
QB CLE Otto Graham
54%
QB NYG Phil Simms
54%
WR IND Raymond Berry
54%
Coach DAL Tom Landry
54%
QB NYG Y.A. Tittle
54%
QB CHI Bobby Layne
50%
S PHI Brian Dawkins
50%
LB CHI Brian Urlacher
50%
CB ARI Dick "Night Train" Lane
50%
DE IND Dwight Freeney
50%
RB SF Frank Gore
50%
QB MIN Fran Tarkenton
50%
OG OAK Gene Upshaw
50%
Coach CHI George Halas
50%
DE CAR Julius Peppers
50%
LB LAC Junior Seau
50%
K BAL Justin Tucker
50%
QB OAK Ken Stabler
50%
WR MIA Mark Duper
50%
RB LAR Marshall Faulk
50%
CB PIT Mel Blount
50%
DE NYG Michael Strahan
50%
C PIT Mike Webster
50%
P OAK Ray Guy
50%
RB SF Roger Craig
50%
QB CHI Sid Luckman
50%
S PIT Troy Polamalu
50%
P SF Andy Lee
46%
OT HOU Bruce Matthews
46%
RB DET Doak Walker
46%
C MIA Dwight Stephenson
46%
OT GB Forrest Gregg
46%
LB PIT Jack Lambert
46%
C OAK Jim Otto
46%
OT BAL Jonathan Ogden
46%
OG MIA Larry Little
46%
RB JAX Maurice Jones-Drew
46%
TE CLE Ozzie Newsome
46%
S SF Ronnie Lott
46%
QB HOU Steve McNair
46%
Coach IND Tony Dungy
46%
OG KC Will Shields
46%
OT OAK Art Shell
42%
Coach NYG Bill Parcells
42%
WR NYJ Don Maynard
42%
CB PIT Donnie Shell
42%
DT GB Henry Jordan
42%
OG IND Jim Parker
42%
DT MIN John Randle
42%
C NYJ Kevin Mawae
42%
WR PIT Lynn Swann
42%
LB CHI Mike Singletary
42%
OT LAR Orlando Pace
42%
QB PHI Ron Jaworski
42%
P OAK Shane Lechler
42%
LB OAK Ted Hendricks
42%
OT NO Willie Roaf
42%
Coach SF Bill Walsh
38%
FB DAL Daryl Johnston
38%
Coach GB Earl "Curly" Lambeau
38%
DE SF Fred Dean
38%
LB NYG Harry Carson
38%
DE OAK Howie Long
38%
QB OAK Jim Plunkett
38%
Coach WSH Joe Gibbs
38%
RB MIA Larry Csonka
38%
DE TB Lee Roy Selmon
38%
OG BAL Marshal Yanda
38%
CB NE Mike Haynes
38%
QB LAR Norm Van Brocklin
38%
OG MIN Randall McDaniel
38%
LB GB Ray Nitschke
38%
DE CHI Richard Dent
38%
QB WAS Sonny Jurgensen
38%
DT CHI William "The Fridge" Perry
38%
QB CLE Bernie Kosar
33%
Coach PIT Bill Cowher
33%
CB DEN Champ Bailey
33%
DE DAL Charles Haley
33%
WR LAC Charlie Joiner
33%
Coach PIT Chuck Noll
33%
Coach DEN Dan Reeves
33%
DE CHI Doug Atkins
33%
WR DAL Drew Pearson
33%
RB NYG Frank Gifford
33%
RB NYG Frank Gifford
33%
WR OAK Fred Biletnikoff
33%
K OAK George Blanda
33%
Coach KC Hank Stram
33%
RB CHI Harold "Red" Grange
33%
WR PIT John Stallworth
33%
DT LAR Merlin Olsen
33%
FB TB Mike Alstott
33%
RB PHI Steve Van Buren
33%
QB TB Vinny Testaverde
33%
DT KC Buck Buchanan
29%
RB KC Christian Okoye
29%
LB PHI Chuck Bednarik
29%
DT SEA Cortez Kennedy
29%
TE OAK Dave Casper
29%
QB DAL Don Meredith
29%
WR LAR Elroy "Crazy Legs" Hirsch
29%
DT BAL Haloti Ngata
29%
DE LAR Jack Youngblood
29%
K KC Jan Stenerud
29%
DT NYJ Joe Klecko
29%
TE IND John Mackey
29%
RS CLE Josh Cribbs
29%
RB GB Paul Hornung
29%
WR MIA Paul Warfield
29%
DE IND Robert Mathis
29%
K NE Stephen Gostkowski
29%
S DEN Steve Atwater
29%
QB NE Steve Grogan
29%
Coach OAK Tom Flores
29%
RB ATL Warrick Dunn
29%
LB KC Willie Lanier
29%
QB GB Arnie Herber
25%
RB WAS Bobby Mitchell
25%
RB CHI Bronko Nagurski
25%
DE MIN Chris Doleman
25%
OT ARI Dan Dierdorf
25%
RS KC Dante Hall
25%
K PHI David Akers
25%
LB DAL Demarcus Ware
25%
RS GB Desmond Howard
25%
OT MIN Gary Zimmerman
25%
S DET Jack Christiansen
25%
WR BUF James Lofton
25%
S WAS Ken Houston
25%
S MIN Paul Krause
25%
OT LAC Ron Mix
25%
OG SEA Steve Hutchinson
25%
DE CHI Bill Hewitt
21%
WR DAL Bob Hayes
21%
LB BUF Cornelius Bennett
21%
DE IND Gino Marchetti
21%
CB GB Herb Adderley
21%
OG GB Jerry Kramer
21%
C MIA Jim Langer
21%
LB DET Joe Schmidt
21%
RB CLE Marion Motley
21%
C NYG Mel Hein
21%
CB DAL Mel Renfro
21%
OT DAL Rayfield Wright
21%
OT MIN Ron Yary
21%
QB ATL Steve Bartkowski
21%
OG PIT Alan Faneca
17%
OG CHI Dan Fortmann
17%
DT CHI Dan Hampton
17%
CB DET Dick LeBeau
17%
QB NE Doug Flutie
17%
S NYG Emlen Tunnell
17%
OT LAR Jackie Slater
17%
QB BUF Jack Kemp
17%
P NYG Jeff Feagles
17%
P LAR Johnny Hekker
17%
S SEA Kenny Easley
17%
CB DET Lem Barney
17%
OG HOU Mike Munchak
17%
CB ARI Pat Tillman
17%
RB PIT Robert "Rocky" Bleier
17%
LB DAL Chuck Howley
13%
RB SF Hugh McElhenny
13%
DE TEN Jevon Kearse
13%
C GB Jim Ringo
13%
RB CHI Jim Thorpe
13%
RS TEN Leon Washington
13%
OT CLE Lou Groza
13%
DE NYJ Mark Gastineau
13%
OT GB Robert "Cal" Hubbard
13%
OG WAS Russ Grimm
13%
LB NYG Sam Huff
13%
OG MIA Bob Kuechenberg
8%
RB CHI Charley Trippi
8%
S CHI Gary Fencik
8%
FB ARI Larry Centers
8%
DE PIT L.C Greenwood
8%
K DEN Matt Prater
8%
WR GB Max McGee
8%
RS DET Mel Gray
8%
WR LAR Tom Fears
8%
FB SF Tom Rathman
8%
DE LAR Andy Robustelli
4%
LB SF Bill Romanowski
4%
OT SF Bob St. Clair
4%
WR CIN Chad "Ochocinco" Johnson
4%
LB DET Chris Spielman
4%
:LB BUF Darryl Talley
4%
C OAK Dave Dalby
4%
S KC Deron Cherry
4%
WR DEN Ed McCaffrey
4%
WR NYJ George Sauer
4%
OG SF Guy McIntyre
4%
RB CIN Ickey Woods
4%
C IND Jeff Saturday
4%
TE NYG Jeremy Shockey
4%
OT WAS Joe Jacoby
4%
RB GB Johnny "Blood" McNally
4%
FB PIT Merril Hoge
4%
DT HOU Ray Childress
4%
P NYG Sean Landetta
4%
P NO Thomas Morstead
4%
CB SF Tim McDonald
4%
LB NE Willie McGinest
4%
LB SEA Brian Bosworth
0%
S DAL Darren Woodson
0%
C KC E.J Holub
0%
CB DAL Everson Walls
0%
WR LAC Gary Garrison
0%
OG PIT Gerry Mullins
0%
S MIA Jake Scot
0%
RB PIT Johnny Lattner
0%
S KC Johnny Robinson
0%
OT PHI Jon Runyan
0%
LB DEN Karl Mecklenburg
0%
FB PHI Keith Byars
0%
P MIA Larry Seiple
0%
C DAL Mark Stepnoski
0%
TE MIA Marv Fleming
0%
LB MIA Nick Buoniconti
0%
K SF Ray Wersching
0%
S NE Rodney Harrison
0%
S WAS Sean Taylor
0%
LB NE Tedy Bruschi
0%
OT NYJ Winston Hill
0%
No matching quizzes found
Score Distribution
Percent of People with Each Score
Percentile by Number Answered
Your Score History
You have not taken this quiz since the last reset